Respectful Research With and About Young Families Forging Frontiers and Methodological Considerations /

This book explores the distinctive theoretical and methodological features associated with conducting ethical and respectful research with young families, along with its unique considerations and challenges. With parents and young children understood to be both major players and 'first educator...

Full description

Bibliographic Details
Main Author: Brown, Alice (Author, http://id.loc.gov/vocabulary/relators/aut)
Corporate Author: SpringerLink (Online service)
Format: Electronic eBook
Language:English
Published: Cham : Springer International Publishing : Imprint: Palgrave Macmillan, 2019.
Edition:1st ed. 2019.
Series:Palgrave Studies in Education Research Methods,
Subjects:
Online Access:Full Text via HEAL-Link
LEADER 04114nam a2200529 4500
001 978-3-030-02716-2
003 DE-He213
005 20191105151336.0
007 cr nn 008mamaa
008 190131s2019 gw | s |||| 0|eng d
020 |a 9783030027162  |9 978-3-030-02716-2 
024 7 |a 10.1007/978-3-030-02716-2  |2 doi 
040 |d GrThAP 
050 4 |a LB1028-1028.25 
072 7 |a JN  |2 bicssc 
072 7 |a EDU037000  |2 bisacsh 
072 7 |a JN  |2 thema 
082 0 4 |a 370.72  |2 23 
100 1 |a Brown, Alice.  |e author.  |4 aut  |4 http://id.loc.gov/vocabulary/relators/aut 
245 1 0 |a Respectful Research With and About Young Families  |h [electronic resource] :  |b Forging Frontiers and Methodological Considerations /  |c by Alice Brown. 
250 |a 1st ed. 2019. 
264 1 |a Cham :  |b Springer International Publishing :  |b Imprint: Palgrave Macmillan,  |c 2019. 
300 |a XXIX, 290 p. 7 illus.  |b online resource. 
336 |a text  |b txt  |2 rdacontent 
337 |a computer  |b c  |2 rdamedia 
338 |a online resource  |b cr  |2 rdacarrier 
347 |a text file  |b PDF  |2 rda 
490 1 |a Palgrave Studies in Education Research Methods,  |x 2662-7345 
505 0 |a Chapter 1. Surveying the terrain - Realising the potential of researching with young families -- Chapter 2. 'An audit on self' - Positioning ourselves for researching with young families -- Chapter 3. Interpretivism - valuing the unfolding lives and stories of young families -- Chapter 4. Knock, knock! Who's there? Opening the door to creating ethical, respectful and participatory research spaces with young families -- Chapter 5. Gathering layers of meaning in context -- Chapter 6. Considering CHE (connectivity, humanness, and empathy) - Principles for sustaining respectful, authentic and dialogical research with young families -- Chapter 7. The 'retelling' of stories through sense-making of data -- Chapter 8. Forging frontiers - reframing methodological innovation and possibilities for research with and of young families. 
520 |a This book explores the distinctive theoretical and methodological features associated with conducting ethical and respectful research with young families, along with its unique considerations and challenges. With parents and young children understood to be both major players and 'first educators' in supporting childhood health, development and learning, this book examines how opportunities for research can be conceptualised within this privileged space. This volume embraces an interdisciplinary approach to this research, examining topics such as researcher identity and positioning, issues of consent, notions of power and relationships with families, methods for collecting data and frameworks for making sense of that data. Rather than providing concrete methods of practices and tools, this book will help raise the consciousness of researchers who are engaged in research with these young families. It is sure to appeal to students and scholars of education and early childhood development, as well as those concerned with conducting research ethically and respectfully. 
650 0 |a Education-Research. 
650 0 |a Social groups. 
650 0 |a Family. 
650 0 |a Child development. 
650 0 |a Infant psychology. 
650 1 4 |a Research Methods in Education.  |0 http://scigraph.springernature.com/things/product-market-codes/O54000 
650 2 4 |a Sociology of Family, Youth and Aging.  |0 http://scigraph.springernature.com/things/product-market-codes/X22080 
650 2 4 |a Early Childhood Education.  |0 http://scigraph.springernature.com/things/product-market-codes/O37000 
650 2 4 |a Infancy and Early Childhood Development.  |0 http://scigraph.springernature.com/things/product-market-codes/Y12050 
710 2 |a SpringerLink (Online service) 
773 0 |t Springer eBooks 
776 0 8 |i Printed edition:  |z 9783030027155 
776 0 8 |i Printed edition:  |z 9783030027179 
830 0 |a Palgrave Studies in Education Research Methods,  |x 2662-7345 
856 4 0 |u https://doi.org/10.1007/978-3-030-02716-2  |z Full Text via HEAL-Link 
912 |a ZDB-2-EDA 
950 |a Education (Springer-41171)